| 000 | 00992 a2200241 4500 | ||
|---|---|---|---|
| 005 | 20080903110047.0 | ||
| 008 | 080903t xxu||||| |||| 00| 0 hin d | ||
| 010 | _aHIN-78897 | ||
| 020 |
_a8188081396 _c120.00 |
||
| 035 | _aHN-51243 | ||
| 037 | _bD.B.Act / pub | ||
| 082 | _a821 | ||
| 100 | _aठाकरे, कांतिलाल | ||
| 245 |
_aराधा की धारा _cकांतिलाल ठाकरे |
||
| 246 |
_aRadha kee Dhara _bby Kanti Lal Thakre |
||
| 260 |
_aदिल्ली _bदिशा प्रकाशन _c2006 |
||
| 270 |
_a138/16,त्रिनगर _bदिल्ली _e110035 |
||
| 300 |
_a108पृ _c22 सेमी (सजिल्द) |
||
| 650 | _aकविताएँ | ||
| 650 | _aPoems | ||
| 942 |
_adpl _cHN _k821 / ठाकरे _2ddc _h821 _mठाकरे |
||
| 999 |
_c963 _d963 |
||